Cơ sở lí thuyết truyền tin

Na minha lista:
Detalhes bibliográficos
Autor principal: Bùi Minh Tiêu
Formato: Livro
Idioma:Undetermined
Publicado em: Hà Nội ĐH và THCN 1979
Assuntos:
Tags: Adicionar Tag
Sem tags, seja o primeiro a adicionar uma tag!
Thư viện lưu trữ: Trung tâm Học liệu Trường Đại học Cần Thơ
LEADER 00521nam a2200181Ia 4500
001 CTU_14203
008 210402s9999 xx 000 0 und d
082 |a 621.384 
082 |b T309 
100 |a Bùi Minh Tiêu 
245 0 |a Cơ sở lí thuyết truyền tin 
245 0 |c Bùi Minh Tiêu 
260 |a Hà Nội 
260 |b ĐH và THCN 
260 |c 1979 
650 |a electronics,radio 
904 |i Nguyễn Quang Điền, 961230 
980 |a Trung tâm Học liệu Trường Đại học Cần Thơ